| Поле | Инд. | ПП | Название | Значение |
|---|---|---|---|---|
| Тип записи | a | |||
| Библиографический уровень | a | |||
| 001 | Контрольный номер | AdmiBIBL00017262AdmiTRUN00000019 | ||
| 005 | Дата корректировки | 20180409143723.7 | ||
| 008 | Кодируемые данные | 070619 | ||
| 040 | a | Служба первич. каталог. | НБ ТвГУ | |
| 041 | a | Код языка текста | rus | |
| 098 | b | Факультет | Педагогический | |
| c | Кафедра | педагогики и психологии начального образования | ||
| 100 | 1_ | a | Автор | Креславская Татьяна Алексеевна |
| q | Полное имя | Креславская Т. А. | ||
| 245 | 10 | a | Заглавие | Динамика развития современной малокомплектной сельской школы |
| 653 | a | Ключевые слова | 1990-е гг. | |
| a | Ключевые слова | 20 в. | ||
| a | Ключевые слова | 2000-е гг. | ||
| a | Ключевые слова | Малокомплектные школы | ||
| a | Ключевые слова | Младшие школьники | ||
| a | Ключевые слова | Начальная школа | ||
| a | Ключевые слова | Образование в России | ||
| a | Ключевые слова | Педагогика школы | ||
| a | Ключевые слова | Педагогическое образование | ||
| a | Ключевые слова | Реформы образования | ||
| a | Ключевые слова | Россия | ||
| a | Ключевые слова | Сельские школы | ||
| a | Ключевые слова | Система образования | ||
| a | Ключевые слова | Труды Тверского государственного университета | ||
| a | Ключевые слова | Учителя | ||
| a | Ключевые слова | Школоведение | ||
| 710 | a | Организация/ юрисдикция | Тверской государственный университет | |
| 773 | w | Контрольный № источника | 7941aa7d-e52d-4e9c-a16b-ed8ca5f78b03 | |
| t | Название источника | Традиции и новации в профессиональной подготовке и деятельности педагога | ||
| d | Место и дата издания | Тверь, 2008 | ||
| g | Прочая информация | Вып. 7. - С. 22-26 | ||
| 856 | u | URL | http://texts.lib.tversu.ru/texts2/0002478t.pdf | |
| x | Примечание для ЭОР | Реестр суммарного учета сетевых локальных документов | ||
| 901 | t | Тип документа | a | |
| 920 | a | Оператор | ВлЕИ | |
| 930 | a | Новая/Ретро | полный текст | |
| 954 | a | Дата поступления на обработку | 20110422 |